Estadísticas para Países con los Ejércitos Más Grandes

Haz click aquí para tomar la prueba!

Estadísticas generales

  • Esta prueba ha sido tomada 9.829 veces
    (5.347 desde el último reinicio)
  • La puntuación promedio es 14 de 20

Estadísticas de respuestas

TropasPaís% Correcto
1,347,300Estados Unidos
100%
2,183,000China
99%
1,013,000Rusia
98%
1,395,100India
92%
1,190,000Corea del Norte
91%
247,150Japón
88%
334,500Brasil
88%
277,150México
85%
630,000Corea del Sur
84%
523,000Irán
80%
653,800Pakistán
72%
438,500Egipto
67%
395,500Indonesia
66%
355,200Turquía
63%
293,200Colombia
62%
482,000Vietnam
58%
360,850Tailandia
51%
406,000Myanmar
29%
244,300Sudán
29%
243,000Sri Lanka
11%

Distribución de puntuación

Porcentaje por número respondido

Porcentaje de gente con cada puntuación

Historial de tus puntuaciones

No has tomado esta prueba desde el último reinicio